Estadística minera de la República Argentina

Detalles Bibliográficos
Autor Corporativo: Argentina. Ministerio de Economía. Dirección Nacional de Economía Minera
Formato: Libro
Publicado: Buenos Aires : Dirección Nacional de Economía Minera, 1982.
Materias:
Etiquetas: Agregar Etiqueta
Sin Etiquetas, Sea el primero en etiquetar este registro!

MARC

LEADER 00000nam a22000004a 4500
001 AR-BbUGT1404
003 AR-BbUGT
005 20181220001540.0
007 ta
008 061101t1982 |||a |0|||0| d
040 |a AR-BbUGT  |b spa  |c AR-BbUGT 
082 0 4 |a 311.33827 
110 1 |a Argentina.   |b Ministerio de Economía.   |b Dirección Nacional de Economía Minera 
245 1 0 |a Estadística minera de la República Argentina 
260 |a Buenos Aires :   |b Dirección Nacional de Economía Minera,   |c 1982. 
300 |a 320 p. :   |b il., cuadros 
653 |a Estadística 
653 |a Mineria 
942 |c BK  |h 311.33827  |i AR37 1981  |m D  |2 ddc  |6 311_338270000000000_AR37_1981 
999 |c 9220  |d 9220